LEADER 01124nam a2200277 a 4500 001 991001681569707536 008 020 $a9788886176422 035 $ab14052738-39ule_inst 040 $aFacoltà SSPT$bita 082 0 $a335.40 100 1 $aLenin, Vladimir Il?i? $0119558 245 10$aStato e rivoluzione :$bla dottrina marxista dello Stato e i compiti del proletariato nella rivoluzione /$cVladimir Il?i? Lenin. Il restauro della teoria marxista : [letture] / Arrigo Cervetto 260 $aMilano :$bLotta comunista,$cc2003 300 $axi, 142 p. ;$c20 cm 440 0$aBiblioteca giovani 650 4$aMarxismo 650 4$aProletariato$xLotta economica 700 1 $aCervetto, Arrigo 740 32$aIl restauro della teoria marxista / di Arrigo Cervetto 907 $a.b14052738$b02-04-14$c20-04-12 912 $a991001681569707536 945 $aLE021 335.40 LEN01.01$g1$i2020000041382$lle021$op$pE5.00$q-$rn$s- $t0$u0$v0$w0$x0$y.i15426798$z21-06-12 996 $aStato e rivoluzione$9238085 997 $aUNISALENTO 998 $ale020$b20-04-12$cm$da $e-$fita$git $h0$i0 LEADER 04213nam 2200637 450 001 9910798351603321 005 20200917021826.0 010 $a3-11-046410-1 010 $a3-11-046232-X 024 7 $a10.1515/9783110464108 035 $a(CKB)3710000000714712 035 $a(EBL)4587116 035 $a(MiAaPQ)EBC4587116 035 $a(DE-B1597)462069 035 $a(OCoLC)953661832 035 $a(DE-B1597)9783110464108 035 $a(Au-PeEL)EBL4587116 035 $a(CaPaEBR)ebr11235396 035 $a(CaONFJC)MIL939343 035 $a(EXLCZ)993710000000714712 100 $a20160812h20162016 uy 0 101 0 $aeng 135 $aur|n|---||||| 181 $2rdacontent 182 $2rdamedia 183 $2rdacarrier 200 00$aEmpirical perspectives on anaphora resolution /$fedited by Anke Holler and Katja Suckow 210 1$aBerlin, [Germany] :$cDe Gruyter,$d2016. 210 4$d©2016 215 $a1 online resource (306 p.) 225 0 $aLinguistische Arbeiten,$x0344-6727 ;$vVolume 563 300 $aDescription based upon print version of record. 311 $a3-11-046411-X 311 $a3-11-045968-X 320 $aIncludes bibliographical references at the end of each chapters and index. 327 $tFrontmatter -- $tPreface -- $tContents -- $tIntroduction -- $tThe role of syntax, semantics, and pragmatics in pronoun resolution: A cross-linguistic overview -- $tEffects of coherence on anaphor resolution, and vice versa: Evidence from French personal pronouns and anaphoric demonstratives -- $tHow clausal linking affects noun phrase salience in pronoun resolution -- $tInformation structure effects on null and overt subject comprehension in Spanish -- $tFactors determining the choice of anaphora in Old High German ? A survey of zero and personal pronoun usage in Otfrid -- $tConstraints on choice of referring expression in Yurakaré -- $tStrong indefinites in Turkish, referential persistence, and salience structure -- $tAnaphoric reference by demonstrative pronouns in German. In search of the relevant parameters -- $tThematic role as prominence cue during pronoun resolution in German -- $tBinding and coreference in non-native language processing -- $tChildren?s eye gaze reveals their use of discourse context in object pronoun resolution -- $tIndex 330 $aTraditionally, anaphor resolution focused on structural cues of the antecedent. Recently, the interaction between discourse factors and information structure affecting antecedent salience has been more thoroughly explored. This volume depicts selected peer-reviewed research papers that tackle issues in anaphor resolution from theoretical, empirical and experimental perspectives. These collected articles present a wide spectrum of cross-linguistic data (Dutch, German, Spanish, Turkish, Yurakaré) and also offer new results from L1 and L2 acquisition studies. Data interpretation span from typological to psycholinguistic viewpoints and are related to recent developments in linguistic theory. One data analysis puts the issue of anaphor resolution in a historical context. The experimental findings are complemented by reviews of the current literature on the role of discourse units.This volume gives a comprehensive overview of the state of discussion how the interaction between information structure and contextual discourse affects salience. That's why it will be welcomed by all linguists and psycholinguists who are theoretically and / or experimentally investigating several aspects of anaphor resolution. 410 0$aLinguistische Arbeiten (Max Niemeyer Verlag) ;$v563. 606 $aReference (Linguistics) 608 $aConference papers and proceedings.$2fast 610 $aLanguage Acquisition. 610 $aProcessing. 610 $aPsycholinguistics. 610 $aSalience. 615 0$aReference (Linguistics) 676 $a415 686 $aET 770$qSEPA$2rvk 702 $aHoller$b Anke 702 $aSuckow$b Katja 801 0$bMiAaPQ 801 1$bMiAaPQ 801 2$bMiAaPQ 906 $aBOOK 912 $a9910798351603321 996 $aEmpirical perspectives on anaphora resolution$93813774 997 $aUNINA LEADER 04980nam 2200757 a 450 001 9910783766103321 005 20230607220451.0 010 $a0-8147-4406-0 010 $a1-4294-1386-7 024 7 $a10.18574/9780814744062 035 $a(CKB)1000000000245286 035 $a(EBL)2081582 035 $a(OCoLC)913695202 035 $a(SSID)ssj0000155327 035 $a(PQKBManifestationID)11149552 035 $a(PQKBTitleCode)TC0000155327 035 $a(PQKBWorkID)10121346 035 $a(PQKB)10226262 035 $a(MiAaPQ)EBC2081582 035 $a(DE-B1597)548242 035 $a(DE-B1597)9780814744062 035 $a(OCoLC)191952800 035 $a(MdBmJHUP)muse86995 035 $a(Au-PeEL)EBL2081582 035 $a(CaPaEBR)ebr10137138 035 $a(MiAaPQ)EBC3025576 035 $a(Au-PeEL)EBL3025576 035 $a(EXLCZ)991000000000245286 100 $a20020621d2002 uy 0 101 0 $aeng 135 $aurnn#---|u||u 181 $ctxt 182 $cc 183 $acr 200 11$a"Fire from the midst of you"$b[electronic resource] $ea religious life of John Brown /$fLouis A. DeCaro, Jr 210 $aNew York $cNew York University Press$dc2002 215 $a1 online resource (365 p.) 300 $aDescription based upon print version of record. 311 0 $a0-8147-1922-8 311 0 $a0-8147-1921-X 320 $aIncludes bibliographical references (p. 335-344) and index. 327 $tFront matter --$tContents --$tAcknowledgments --$tIntroduction. --$t1. ?And They Had No Comforter? --$t2. John Brown?s Heritage --$t3. Revival, Resistance, and Abolition in the Time of John Brown --$t4. The Early Years --$t5. Millennial Hopes, Abolitionist Awakenings --$t6. ?This Path of Life? --$t7. Citizen Brown?s Calvinist Community --$t8. Citizen Brown?s Calvinist Community --$t9. Of Vows and Tears --$t10. Belted Knights and Practical Shepherds --$t11. ?We Are Tossing Up and Down? --$t12. The Practical Shepherd in Springfield --$t13. A Cold and Snowy Canaan Land --$t14. ?So We Go? --$t15. ?All the Encouragement in My Power? --$t16. Ohio and Beyond --$t17. ?Kansas the Outpost? --$t18. Pottawatomie and the Fatherless --$t19. ?The Language of Providence? --$t20. ?This Spark of Fire? --$t21. ?My Public Murder? --$tEpilogue. A Saint?s Rest --$tNotes --$tSelected Bibliography --$tIndex --$tAbout the Author 330 $aJohn Brown is usually remembered as a terrorist whose unbridled hatred of slavery drove him to the ill-fated raid on Harper's Ferry, Virginia, in 1859. Tried and executed for seizing the arsenal and attempting to spur a liberation movement among the slaves, Brown was the ultimate cause celebre for a country on the brink of civil war.?Fire from the Midst of You? situates Brown within the religious and social context of a nation steeped in racism, showing his roots in Puritan abolitionism. DeCaro explores Brown's unusual family heritage as well as his business and personal losses, retracing his path to the Southern gallows. In contrast to the popular image of Brown as a violent fanatic, DeCaro contextualizes Brown's actions, emphasizing the intensely religious nature of the antebellum U.S. in which he lived. He articulates the nature of Brown's radical faith and shows that, when viewed in the context of his times, he was not the religious fanatic that many have understood him to be. DeCaro calls Brown a ?Protestant saint??an imperfect believer seeking to realize his own perceived calling in divine providence.In line with the post-millennial theology of his day, Brown understood God as working through mankind and the church to renew and revive sinful humanity. He read the Bible not only as God's word, but as God's word to John Brown. DeCaro traces Brown's life and development to show how by forging faith as a radical weapon, Brown forced the entire nation to a point of crisis. ?Fire from the Midst of You? defies the standard narrative with a new reading of John Brown. Here is the man that the preeminent Black scholar W.E.B. Du Bois called a "mighty warning" and the one Malcolm X called ?a real white liberal.? 606 $aAbolitionists$zUnited States$vBiography 606 $aAntislavery movements$zUnited States$xHistory$y19th century 606 $aChristianity and politics$zUnited States$xHistory$y19th century 610 $aFresh. 610 $ainsight. 610 $ainto. 610 $alife. 610 $aman. 610 $anotorious. 610 $areligious. 615 0$aAbolitionists 615 0$aAntislavery movements$xHistory 615 0$aChristianity and politics$xHistory 676 $a973.7/116/092 676 $aB 700 $aDeCaro$b Louis A.$f1957-$01573997 801 0$bMiAaPQ 801 1$bMiAaPQ 801 2$bMiAaPQ 906 $aBOOK 912 $a9910783766103321 996 $a"Fire from the midst of you"$93859888 997 $aUNINA